Quizz Harry Potter Qui a dit cette réplique? - Statistiques

Statistiques générales
  • Ce quiz a été pris 772 fois
  • Le résultat moyen est 11 sur 15
Statistiques - réponses
Hint AnswerA % Correct
"Ce n'est pas n'importe quel balai Harry, c'est un Nimbus 2000" Ron Weasley
92%
"Vous l'avez élever comme un porc destiné à l'abatoire" Severus Rogue
91%
"Je sais qui sont les gens douteux je n'ai pas besoin de conseils" Harry Potter
88%
"Le lac noir c'est évident, quoique potentiellement problématique" Hermione Granger
85%
"Tu nous prépare un balai aérien Potter" Drago Malefoy
83%
"Ce dont vous avez le plus peur est la peur elle même, c'est une preuve de sagesse" Remus Lupin
82%
"Ho mon dieu j'ai tué Harry Potter" Neville Londubat
79%
"La peur du nom ne fait qu'accroître la peur de la chose elle même" Albus Dumbledore
77%
"Il est étrange que ce soit cette baguette qui vous ait convenu" Garrick Ollivander
76%
"Vous devriez en discuter avec M. Finnigan" Minerva Mcgonagall
71%
"Ce qui nous aiment ne nous quittent jamais vraiment" Sirius Black
69%
"Dégage Percy, Harry est pressé, il doit se rendre dans la chambredes secrets pour y prendre le thé avec son serpent préféré" Fred et George Weasley
64%
"J'ai lu dans ton coeur, et ton coeur et mien" Lord Voldemort
64%
"J'ai faim j'espère qu'il y a du pudding" Luna Lovegood
64%
"D'accord, d'accord Flint a failli tuer l'attrapeur de gryffondor, ce qui aurait pu arriver à n'importe qui" Lee Jordan
38%
Aucun quiz correspondant
Distribution des résultats
% des personnes avec chaque résultat
Percentile par nombre de réponses
Votre historique - résultats
Vous n’avez pas pris ce quiz